000 00651nam a22001817a 4500
003 CEME
005 20210628210617.0
008 210210b xxu||||| |||| 00| 0 eng d
020 _a0-442-02483-5
040 _c.
082 _a363.73 MAR
100 _aZimmerman, Jennifer.M Kosobud, Richard.F
_980162
245 _aMarket based approaches to environmental policy regulatory innovations to the fore
260 _aNEW YORK
_bVAN NOSTRAND REINHOLD
_c1997
300 _a353P
650 _aPOLLUTION-ECONOMIC ASPECTS-UNITED STATES POLLUTION-GOVERNMENT POLICY-UNITED STATES ENVIRONMENTAL POLICY-ECONOMIC ASPECTS UNITED STATES
_980163
942 _cBK
_2ddc
999 _c585130
_d585130